Normal view
MARC view
- Kanwal Naveed
Entry Personal Name
001 - CONTROL NUMBER
- control field: 15457
003 - CONTROL NUMBER IDENTIFIER
- control field: NUST
005 - DATE AND TIME OF LATEST TRANSACTION
- control field: 20190625054701.0
008 - FIXED-LENGTH DATA ELEMENTS
- fixed length control field: 190625|| aca||aabn | a|a d
040 ## - CATALOGING SOURCE
- Original cataloging agency: NUST
- Transcribing agency: NUST
100 ## - HEADING--PERSONAL NAME
- Personal name: Kanwal Naveed
670 ## - SOURCE DATA FOUND
- Source citation: Work cat.: (NUST): Kanwal Naveed, ADAPTIVE TRAJECTORY TRACKING AND PATH FOLLOWING OF WHEELED MOBILE ROBOT /, 2013.
